Zákon o účetnictví č. 563/1991 Sb. ze dne 12. prosince 1991.

Úplné schválené znenie zákona o účtovníctve. Účtovné sústavy, doklady, zápisy a knihy. Účtovná uzávierka. Spôsoby oceňovania. Inventarizácia majetku a záväzkov. Úschova účtovných písomností, ich označovania a opravy v nich. Použitie výpočtovej techniky. Pokuty.

Guardado en:
Detalles Bibliográficos
Formato: Capítulo de libro
Lenguaje:checo
Materias:
Etiquetas: Agregar Etiqueta
Sin Etiquetas, Sea el primero en etiquetar este registro!

MARC

LEADER 00000naa a2200000 4500
001 r008141
005 20220831085457.6
041 0 |a cze 
044 |a [CS] 
245 1 0 |a Zákon o účetnictví č. 563/1991 Sb. ze dne 12. prosince 1991. 
520 |a Úplné schválené znenie zákona o účtovníctve. Účtovné sústavy, doklady, zápisy a knihy. Účtovná uzávierka. Spôsoby oceňovania. Inventarizácia majetku a záväzkov. Úschova účtovných písomností, ich označovania a opravy v nich. Použitie výpočtovej techniky. Pokuty. 
610 2 0 |a účtovníctvo 
610 2 0 |a predpisy právne 
610 2 0 |a ČSFR 
610 2 0 |a 1991 
610 2 0 |a využitie počítačov 
610 2 0 |a dokumentácia účtovná 
610 2 0 |a operácie účtovné 
610 2 0 |a uzávierka účtovná 
610 2 0 |a knihy účtovné 
610 2 0 |a oceňovanie